| 000 | 01591cam a2200217 4500 | ||
|---|---|---|---|
| 001 | WB3942-02 | ||
| 008 | 031105n2003 000 0 eng u | ||
| 035 | _a(Sirsi) u124241 | ||
| 245 | _aOpening buildings to all | ||
| 260 | _c2003 | ||
| 490 |
_aODPM News Release _v(2003/0229) 5 November 2003 (2) |
||
| 520 | _aODPM has published new guidance to ensure that newly constructed public and commercial buildings make access easier for all by providing level entrances and facilities such as automatic doors, audio enhancement and clearer signage. Existing buildings, when they are altered or undergo certain changes of use will also be affected by this guidance. The proposals relate to Part M of the Building Regulations 2000, bringing the regulations into line with BS 8300: 2001 and support the aims of the Disability Discrimination Act 1995. Approved Document M (2004 Edition) and ODPM circular 11/2003 are available at http://www.odpm.gov.uk/stellent/groups/odpm_buildreg/documents/page/odpm_breg_025494.hcsp and http://www.odpm.gov.uk/pns/DisplayPN.cgi?pn_id=2003_0229. The Building (Amendment) Regulations 2003 SI 2003: 2692 are available at http://www.legislation.gov.uk/uksi/2003/2692/contents/made. | ||
| 590 | _aWB | ||
| 650 | _aDISABILITY DISCRIMINATION ACT 1995 | ||
| 650 | _aPUBLIC BUILDINGS | ||
| 650 | _aCOMMERCIAL BUILDINGS | ||
| 650 | _aBUILDING REGULATIONS 2000 APPROVED DOCUMENT M (2004 EDITION) | ||
| 650 | _aMANAGEMENT-BUSINESS MANAGEMENT-DISCRIMINATION-DISABILITY DISCRIMINATION-ACCESSIBILITY | ||
| 690 | _aBUILT ENVIRONMENT-BUILDING STANDARDS | ||
| 942 | _n0 | ||
| 999 |
_c73747 _d73747 |
||